Acier cor-ten

Sparad:
Bibliografiska uppgifter
Institutionell upphovsman: Cor-ten
Materialtyp: Bok
Språk:Undetermined
Publicerad: Paris Sacilor 1957
Ämnen:
Taggar: Lägg till en tagg
Inga taggar, Lägg till första taggen!
Thư viện lưu trữ: Trung tâm Học liệu Trường Đại học Cần Thơ
LEADER 00435nam a2200181Ia 4500
001 CTU_85884
008 210402s9999 xx 000 0 und d
082 |a 338.4 
082 |b C827 
110 |a Cor-ten 
245 0 |a Acier cor-ten 
245 0 |c Cor-ten 
260 |a Paris 
260 |b Sacilor 
260 |c 1957 
650 |a Steel industry and trade 
904 |i Năm 
980 |a Trung tâm Học liệu Trường Đại học Cần Thơ